Machine Learning Algorithms (Record no. 349558)

MARC details
000 -LEADER
fixed length control field 00520nam a2200181Ia 4500
008 - FIXED-LENGTH DATA ELEMENTS--GENERAL INFORMATION
fixed length control field 230718s9999 xx 000 0 und d
020 ## - INTERNATIONAL STANDARD BOOK NUMBER
International Standard Book Number 9781789347999
041 ## - LANGUAGE CODE
Language code of text/sound track or separate title eng
082 ## - DEWEY DECIMAL CLASSIFICATION NUMBER
Classification number 006.31
Item number BON
100 ## - MAIN ENTRY--PERSONAL NAME
Personal name Bonaccorso G.
245 ## - TITLE STATEMENT
Title Machine Learning Algorithms
Remainder of title Popular Algorithms For Data Science And Machine Learning
250 ## - EDITION STATEMENT
Edition statement 2nd ed.
260 ## - PUBLICATION, DISTRIBUTION, ETC. (IMPRINT)
Date of publication, distribution, etc. 2018
Name of publisher, distributor, etc. Packt
300 ## - PHYSICAL DESCRIPTION
Extent 508
365 ## - TRADE PRICE
Currency code Rs.
Price amount 1499.00
700 ## - ADDED ENTRY--PERSONAL NAME
Personal name Bonaccorso G.
906 ## - LOCAL DATA ELEMENT F, LDF (RLIN)
d O:0638318-Feb-2019B:IN100914-Feb-2019
c BCOMP
b 749.5
Holdings
Withdrawn status Lost status Damaged status Not for loan Home library Current library Date acquired Vendor Budget Code Cost, normal purchase price Bill number Total Checkouts Full call number Barcode Date last seen Discount Cost, replacement price Bill Date Koha item type Original Barcode
        Cummins College of Engineering for Women Pune Cummins College of Engineering for Women Pune 18/02/2019 Pradeep Book Distributors BCOMP 1124.25 IN1009   006.31 CCEP-BK-60765 18/07/2023 749.5 1499.00 14/02/2019 Books 060765